[Event "Regular Quad, S40309"]
[Site "CCLA"]
[Date "2014.09.15"]
[Round "?"]
[White "Stroup, Jim"]
[Black "Laven, George"]
[Result "1-0"]
[WhiteElo "1768"]
[BlackElo "1834"]

1. e4 e5 2. Nf3 Nc6 3. Bb5 a6 4. Ba4 Nf6 5. O-O Be7 6. Re1 b5 7. Bb3 O-O 
8. c3 d5 9. exd5 Nxd5 10. Nxe5 Nxe5 11. Rxe5 c6 12. d4 Bd6 13. Re1 Qh4 14.
 g3 Qh3 15. Be3 Bg4 16. Qd3 Rae8 17. Nd2 Qh5 18. Ne4 Bc7 19. Bd2 Bf5 20. 
Bc2 Re6 21. a4 h6 22. axb5 axb5 23. f3 Rg6 24. Re2 Bb8 25. Ra6 Rc8 26. Ra8
Qh4 27. b3 Rd8 28. Rf2 Qe7 29. Qe2 Bc7 30. Ra7 Qe8 31. Ra6 Bf4 32. b4 Qe7 
33. Bb3 Qe8 34. Bxd5 cxd5 35. Rxg6 Bxg6 36. Nf6+ gxf6 37. Bxf4 Qxe2 38. 
Rxe2 h5 39. Ra2 Bd3 40. Ra6 Kg7 41. Kf2 Rc8 42. Bd2 Re8 43. Be3 Rc8 44. 
Ra3 Kg6 45. Ke1 Re8 46. Kd2 Bc4 47. Ra6 Re6 48. Ra8 Kg7 49. h3 f5 50. Ra7 
Rg6 51. Bf4 Re6 52. Be5+ Kg6 53. Rd7 h4 54. Rd6 Rxd6 55. Bxd6 hxg3 56. 
Bxg3 f6 57. Ke3 Kg5 58. h4+ Kh5 59. Kf4 Kg6 60. h5+ Kxh5 61. Kxf5 1-0

[Event "Continuous Server Series, S40049"]
[Site "CCLA"]
[Date "2014.02.07"]
[Round "?"]
[White "Anderson, Lawrence D."]
[Black "Laven, George"]
[Result "0-1"]
[WhiteElo "1365"]
[BlackElo "1834"]

1. e4 e5 2. Nf3 Nc6 3. Bb5 a6 4. Ba4 Nf6 5. O-O Be7 6. Re1 b5 7. Bb3 O-O 
8. c3 d6 9. d4 Bg4 10. Be3 exd4 11. cxd4 Na5 12. Bc2 c5 13. dxc5 Nc4 14. 
cxd6 Bxd6 15. Nc3 Qc7 16. g3 Nxb2 17. Nd5 Nxd5 18. Qe2 Nc3 19. Qd2 Bxf3 
20. Bb3 Ba3 21. Qc2 Bxe4 22. Qc1 b4 23. Qd2 Rad8 24. Bd4 Rfe8 25. Qe3 Nc4 
26. Bxc4 Qxc4 27. f3 Bc6 28. Qf2 Qxd4 29. Rxe8+ Bxe8 30. Qxd4 Rxd4 31. Re1
Bb5 32. f4 Rd1 0-1

[Event "Premier Quad, S40479"]
[Site "CCLA"]
[Date "2014.12.31"]
[Round "?"]
[White "Stroup, Jim"]
[Black "Richardson, Ryan M."]
[Result "1-0"]
[WhiteElo "1768"]
[BlackElo "1689"]

1. e4 e5 2. Nf3 Nc6 3. Bb5 a6 4. Ba4 Nf6 5. O-O Be7 6. Re1 b5 7. Bb3 O-O 
8. c3 d6 9. h3 Bb7 10. d4 Na5 11. Bc2 Nd7 12. Nbd2 c5 13. d5 Bc8 14. Nf1 
Nf6 15. a4 Bd7 16. Nxe5 dxe5 17. d6 Be6 18. dxe7 Qxe7 19. Ng3 Rfd8 20. Qe2
Bc4 21. Qe3 Qc7 22. axb5 axb5 23. Nf5 Ne8 24. Qg5 f6 25. Qg4 Nb3 26. Rxa8 
Rxa8 27. Be3 Kh8 28. Kh2 Be6 29. Qe2 g6 30. Ng3 Bc4 31. Qg4 Ra2 32. Rd1 
Ra7 33. Bd3 Bf7 34. Bxb5 Nd6 35. Be2 Ne8 36. Bh6 c4 37. Nf1 Nc5 38. Ne3 
Na4 39. Nd5 Qc6 40. Ra1 Be6 41. Qf3 Rb7 42. Nb4 Qd7 43. Rd1 Qc7 44. Rd2 
Nc5 45. Nd5 Bxd5 46. Rxd5 Ne6 47. Qg4 N8g7 48. Rd2 Rb8 49. Qh4 Ne8 50. Be3
Qc6 51. f3 Nd8 52. Qf2 Ne6 53. Qf1 Nd6 54. Qd1 Nb7 55. b4 cxb3 56. Qxb3 
Rc8 57. Bb5 1-0

[Event "Herbert W. Gustafson Memorial Open, S47049"]
[Site "CCLA"]
[Date "2014.10.27"]
[Round "?"]
[White "Weiss, Lester P."]
[Black "Young III, William C."]
[Result "1/2-1/2"]
[WhiteElo "2131"]
[BlackElo "2121"]

1. e4 e5 2. Nf3 Nc6 3. Bb5 a6 4. Ba4 Nf6 5. O-O Be7 6. Re1 b5 7. Bb3 d6 8.
 c3 O-O 9. h3 Nb8 10. d4 Nbd7 11. Nbd2 Bb7 12. Bc2 Re8 13. Nf1 Bf8 14. Ng3
g6 15. a4 c5 16. d5 c4 17. Bg5 h6 18. Be3 Nc5 19. Qd2 h5 20. Bg5 Be7 21. 
Ra3 Nfd7 22. Be3 Qc7 23. Rea1 Nb6 24. axb5 axb5 25. Rxa8 Rxa8 26. Rxa8+ 
Bxa8 27. Bxc5 dxc5 28. Qh6 Nd7 29. Nf1 Qd6 30. Qd2 Kg7 31. Ne3 Bb7 32. Qd1
Bd8 33. g3 Nf6 34. Qa1 Bc7 35. Qa7 Qa6 36. Qxa6 Bxa6 1/2-1/2

[Event "Regular Quad, S40249"]
[Site "CCLA"]
[Date "2014.08.08"]
[Round "?"]
[White "Eife, Gunter"]
[Black "Miner, David"]
[Result "0-1"]
[WhiteElo "1448"]
[BlackElo "1619"]

1. e4 e5 2. Nf3 Nc6 3. Bb5 a6 4. Ba4 Nf6 5. O-O b5 6. Bb3 Be7 7. Re1 d6 8.
 h3 O-O 9. c3 Na5 10. d4 Nxb3 11. axb3 Bb7 12. dxe5 Nxe4 13. exd6 Bxd6 14.
 Be3 c5 15. Nbd2 Nxd2 16. Nxd2 Re8 17. b4 cxb4 0-1

[Event "Regular Quad, S40219"]
[Site "CCLA"]
[Date "2014.07.07"]
[Round "?"]
[White "Blankenship, Jerry T."]
[Black "Strelecky, Rich"]
[Result "1-0"]
[WhiteElo "1599"]
[BlackElo "1584"]

1. e4 e5 2. Nf3 Nc6 3. Bb5 a6 4. Ba4 Nf6 5. O-O Be7 6. Re1 b5 7. Bb3 d6 8.
 c3 O-O 9. h3 Na5 10. Bc2 c5 11. d4 h6 12. dxe5 dxe5 13. Nxe5 Qxd1 14. 
Rxd1 Bb7 15. f3 c4 16. Be3 Rfd8 17. Nd2 Nc6 18. Nxc6 Bxc6 19. Nf1 Rxd1 20.
 Rxd1 Nd7 21. Ng3 Rd8 22. Nf5 Bf6 23. Rd6 Bb7 24. b3 Be5 25. Rd1 Bf6 26. 
bxc4 bxc4 27. Bd4 Rb8 28. Bxf6 Nxf6 29. e5 Ne8 30. Kf2 Ba8 31. Ne3 f6 32. 
e6 Bc6 33. Nxc4 Nc7 34. Rd6 Bd5 35. e7 Re8 36. Rd7 Bxc4 37. Rxc7 Bf7 38. 
Ba4 Rb8 39. Bd7 Kh7 40. c4 Be8 41. c5 Bg6 42. c6 Rb2+ 43. Kg3 Re2 44. Rb7 
Rxe7 45. c7 Rxd7 46. c8=Q Rxb7 47. Qxb7 Bd3 48. a4 Kg6 49. Qb3 Bf5 50. Kf4
h5 51. g4 hxg4 52. fxg4 Bd7 53. Qd3+ Kh6 54. Qxd7 a5 55. Qf5 g5+ 56. Ke4 
Kg7 57. Qd7+ Kf8 58. Kf5 Kg8 59. Kxf6 Kh8 60. Qg7# 1-0

[Event "Premier Quad, S40439"]
[Site "CCLA"]
[Date "2014.12.19"]
[Round "?"]
[White "Fausey, Verna M."]
[Black "Ragan, Anthony"]
[Result "1/2-1/2"]
[WhiteElo "1747"]
[BlackElo "1900"]

1. e4 e5 2. Nf3 Nc6 3. Bb5 a6 4. Ba4 Nf6 5. O-O Be7 6. Re1 b5 7. Bb3 d6 8.
 c3 O-O 9. h3 Na5 10. Bc2 c5 11. d4 Nd7 12. Nbd2 exd4 13. cxd4 Nc6 14. Nf1
Bf6 15. Be3 Bb7 16. Ng3 Rc8 17. Nf5 cxd4 18. N3xd4 Nxd4 19. Bxd4 Ne5 20. 
Bc3 Nc4 21. Bb3 Bxc3 22. bxc3 Qg5 23. Bxc4 Rxc4 24. Qxd6 g6 25. f4 Qd8 26.
 Rad1 Qc7 27. Qxc7 Rxc7 28. Nd6 Bc6 29. e5 Bd7 30. Ne4 Bc6 31. Nf6+ Kg7 
32. Re3 Rfc8 33. Rg3 a5 34. Rgd3 Rb8 35. h4 h5 36. Kf2 b4 37. c4 a4 38. 
Rd8 Rxd8 39. Rxd8 b3 40. Rg8+ Kh6 1/2-1/2

[Event "Open Server Series, S40209"]
[Site "CCLA"]
[Date "2014.06.13"]
[Round "?"]
[White "Richardson, Ryan M."]
[Black "Fausey, Verna M."]
[Result "1-0"]
[WhiteElo "1689"]
[BlackElo "1747"]

1. e4 e5 2. Nf3 Nc6 3. Bb5 a6 4. Ba4 Nf6 5. O-O Be7 6. Re1 b5 7. Bb3 O-O 
8. h3 d6 9. c3 Na5 10. Bc2 c5 11. d4 Qc7 12. Nbd2 cxd4 13. cxd4 Bb7 14. 
Nf1 Rac8 15. Bd3 d5 16. dxe5 Nxe4 17. N1d2 Qd7 18. Qe2 Nxd2 19. Bxd2 Nc4 
20. Bc3 Bc5 21. Bxh7+ Kxh7 22. Ng5+ Kh6 23. e6 fxe6 24. Qg4 Bxf2+ 25. Kh1 
Bxe1 26. Rxe1 Rce8 27. Qh4+ Kg6 28. Qh7+ Kxg5 29. h4+ Kf4 30. Qh5 1-0

[Event "Winter Server Series, S40031"]
[Site "CCLA"]
[Date "2014.01.27"]
[Round "?"]
[White "Nurmi, Ronald"]
[Black "Hadley, Douglas R."]
[Result "0-1"]
[WhiteElo "1438"]
[BlackElo "1576"]

1. d4 d5 2. Bf4 Nf6 3. e3 e6 4. Nd2 c5 5. c3 Nc6 6. Bd3 Be7 7. Ngf3 O-O 8.
 Ne5 cxd4 9. exd4 Bd7 10. O-O a6 11. Re1 Rc8 12. a4 Be8 13. h4 h6 14. g4 
Nh7 15. Bxh7+ Kxh7 16. g5 hxg5 17. hxg5 Bxg5 18. Qh5+ Bh6 19. Bxh6 gxh6 
20. Qh3 Qg5+ 21. Qg3 Qxd2 0-1

[Event "Winter Server Series, S40031"]
[Site "CCLA"]
[Date "2014.01.27"]
[Round "?"]
[White "Nurmi, Ronald"]
[Black "Smiley, William R."]
[Result "0-1"]
[WhiteElo "1438"]
[BlackElo "1530"]

1. d4 d5 2. Bf4 e6 3. e3 Bd6 4. Bxd6 Qxd6 5. Qg4 g6 6. Nd2 Nf6 7. Qg3 Qxg3
8. hxg3 Bd7 9. Ngf3 Nc6 10. c3 O-O 11. Bd3 Kg7 12. Ne5 Nxe5 13. dxe5 Ng4 
14. Nf3 h6 15. Ke2 f5 16. exf6+ Rxf6 17. Raf1 Raf8 18. e4 dxe4 19. Bxe4 
Bb5+ 20. Bd3 Bc6 21. b3 e5 22. Bc4 b5 0-1

[Event "Winter Server Series, S40021"]
[Site "CCLA"]
[Date "2014.01.27"]
[Round "?"]
[White "McLaughlin, Ed"]
[Black "Capuzzi, Gabriele"]
[Result "0-1"]
[WhiteElo "1561"]
[BlackElo "1775"]

1. d4 d5 2. e3 c5 3. c3 Nf6 4. Bd3 Nc6 5. f4 Bg4 6. Nf3 e6 7. O-O Be7 8. 
Nbd2 O-O 9. Qc2 c4 10. Be2 Bf5 11. Qd1 b5 12. b3 Bd6 13. Ne5 Qc7 14. g4 
Be4 15. g5 Nd7 16. Nxe4 dxe4 17. Nxd7 Qxd7 18. Qc2 cxb3 19. axb3 a6 20. 
Qxe4 Rfc8 21. c4 bxc4 22. Bxc4 a5 23. Bb2 Ne7 24. Ra4 Ra7 25. Rfa1 Bb4 26.
 h4 Nf5 27. Kf2 Nxh4 28. Bxe6 Qxe6 29. Qxe6 fxe6 30. Rxb4 Rc2+ 31. Kg3 
Nf5+ 32. Kg4 Rxb2 33. e4 axb4 34. Rxa7 Nxd4 0-1

[Event "Herbert W. Gustafson Memorial Open, S47119"]
[Site "CCLA"]
[Date "2014.10.27"]
[Round "?"]
[White "McLaughlin, Ed"]
[Black "Lines, Daniel"]
[Result "1/2-1/2"]
[WhiteElo "1561"]
[BlackElo "1589"]

1. d4 d5 2. e3 Nf6 3. Bd3 Nc6 4. f4 Bg4 5. Nf3 e6 6. Nbd2 Bd6 7. O-O O-O 
8. c3 h6 9. Qe1 Ne7 10. Ne5 Bh5 11. e4 c5 12. Qh4 cxd4 13. cxd4 dxe4 14. 
Nxe4 Bxe5 15. dxe5 Nxe4 16. Bxe4 Qd4+ 17. Kh1 Qxe4 18. Qxh5 Rad8 19. b3 
Ng6 20. Ba3 Rfe8 21. Rae1 Qc2 22. Bd6 Qc6 23. f5 exf5 24. Qxf5 Qd5 25. Qf2
Nxe5 26. Rxe5 Rxe5 27. Bxe5 Qxe5 28. Qxf7+ Kh7 29. Qxb7 Qe2 30. Qf3 Qxf3 
31. gxf3 Rd2 32. Ra1 Rf2 33. b4 Rxf3 34. b5 Ra3 35. Kg1 g5 36. Kf2 h5 37. 
Kg2 g4 38. Kf2 h4 39. Kg2 Kg6 40. Kg1 Kg5 41. Kg2 h3+ 42. Kh1 Kh4 43. Kg1 
Kh5 1/2-1/2

[Event "NA Class B Server Championship, S40119"]
[Site "CCLA"]
[Date "2014.04.30"]
[Round "?"]
[White "McLaughlin, Ed"]
[Black "Fausey, Verna M."]
[Result "0-1"]
[WhiteElo "1561"]
[BlackElo "1747"]

1. d4 d5 2. e3 Nf6 3. Bd3 c5 4. c3 Nc6 5. f4 Bg4 6. Nf3 e6 7. O-O Bd6 8. 
Qe1 O-O 9. Ne5 Bf5 10. Bxf5 exf5 11. Nd2 cxd4 12. exd4 Re8 13. Qh4 Qb6 14.
 Kh1 Ne4 15. Ndf3 Re6 16. Nxf7 Kxf7 17. Qxh7 Ng3+ 0-1

[Event "Continuous Server Series, S40199"]
[Site "CCLA"]
[Date "2014.06.09"]
[Round "?"]
[White "McLaughlin, Ed"]
[Black "Acosta, Errol"]
[Result "1-0"]
[WhiteElo "1561"]
[BlackElo "1365"]

1. d4 d5 2. e3 Nf6 3. Bd3 g6 4. Nd2 Bg7 5. c3 O-O 6. Ngf3 Bg4 7. Qb3 Qc8 
8. Ne5 Bd7 9. O-O Nc6 10. Nxd7 Nxd7 11. Qxd5 e6 12. Qb3 Rb8 13. e4 a6 14. 
Nf3 e5 15. d5 Na7 16. Be3 c5 17. dxc6 bxc6 18. Qc2 c5 19. b3 Nb5 20. Rfd1 
Nf6 21. a4 Nc7 22. Nxe5 Nxe4 23. Nxg6 Nxc3 24. Ne7+ Kh8 25. Nxc8 Nxd1 26. 
Rxd1 Rbxc8 27. Bxh7 Ne6 28. Bf5 Rc7 29. Qc4 Bd4 30. Qe2 Bxe3 31. Qxe3 Kg7 
32. Bxe6 fxe6 33. Qe5+ 1-0

[Event "Open Server Series, S40209"]
[Site "CCLA"]
[Date "2014.06.13"]
[Round "?"]
[White "Capuzzi, Gabriele"]
[Black "Richardson, Ryan M."]
[Result "1/2-1/2"]
[WhiteElo "1775"]
[BlackElo "1689"]

1. d4 Nf6 2. Bg5 d5 3. Bxf6 exf6 4. e3 Be6 5. Bd3 f5 6. Nd2 Nd7 7. c3 Bd6 
8. Ne2 Nf6 9. Qc2 g6 10. f3 O-O 11. O-O-O c5 12. dxc5 Bxc5 13. Nd4 Bd7 14.
 h3 Re8 15. Rde1 f4 16. N2b3 Ba4 17. Qf2 Bxb3 18. axb3 fxe3 19. Rxe3 Qb6 
20. Rxe8+ Rxe8 21. Qh4 Bxd4 22. Qxd4 Qxd4 23. cxd4 Nh5 24. Rd1 Nf4 25. Bf1
Kf8 26. Kd2 a6 27. Re1 Ne6 28. Kc3 Rc8+ 29. Kd3 Ke7 30. g3 Kd6 31. Bg2 Ng7
32. f4 f6 33. Bf3 Re8 1/2-1/2

[Event "Regular Quad, S40419"]
[Site "CCLA"]
[Date "2014.12.01"]
[Round "?"]
[White "Howard, James"]
[Black "Strelecky, Rich"]
[Result "0-1"]
[WhiteElo "1183"]
[BlackElo "1584"]

1. e4 d5 2. d4 dxe4 3. Bc4 Nc6 4. Nc3 Qxd4 5. Nf3 Qxd1+ 6. Nxd1 exf3 7. 
Bf4 e5 8. Bg5 Be7 9. Bd2 Nd4 10. O-O Ne2+ 11. Kh1 Be6 12. gxf3 Bxc4 13. b3
Bd5 14. Re1 Bxf3# 0-1

[Event "Summer Server Series, S40091"]
[Site "CCLA"]
[Date "2014.07.28"]
[Round "?"]
[White "Gunning, Edward E."]
[Black "Cain, Larry F."]
[Result "1/2-1/2"]
[WhiteElo "1350"]
[BlackElo "1267"]

1. e4 d5 2. d4 dxe4 3. Be3 Nf6 4. Nc3 e6 5. f3 Bb4 6. f4 c6 7. Qd2 Nbd7 8.
 a3 Ba5 9. b4 Bc7 10. Nh3 O-O 11. Be2 b6 12. O-O Bb7 13. Ng5 h6 14. Ngxe4 
Re8 15. Qd3 Rb8 16. a4 Qe7 17. b5 cxb5 18. Nxb5 Bxe4 19. Qc4 Bd5 20. Qxc7 
Rbc8 21. Qxa7 Ra8 22. Qc7 Rac8 23. Qd6 Rxc2 24. Qxe7 Rxe7 25. Rf2 Ne4 26. 
Bd1 Rxf2 27. Bxf2 Ndf6 28. Rc1 Re8 29. Be1 Rd8 30. Bb4 Ne8 31. g4 Bb7 32. 
Be7 Ra8 33. Ba3 Kh8 34. Nc7 Nxc7 35. Rxc7 Bd5 36. Rxf7 Kg8 37. Rc7 Rb8 38.
 Bc2 Ba8 39. Bb3 Bd5 40. Bxd5 exd5 41. Rd7 Nf6 42. Rd6 Kh7 43. g5 hxg5 44.
 fxg5 Ne4 45. Rxd5 Ra8 46. Re5 Nd2 47. Rd5 Re8 48. a5 bxa5 49. Rxa5 Nf3+ 
50. Kg2 Nxd4 51. h4 Kg6 52. Bd6 Re2+ 53. Kg3 Nf5+ 54. Kf3 Re1 55. Bg3 Rf1+
56. Kg2 Ne3+ 57. Kh2 Rf7 58. Ra4 Nf1+ 59. Kh3 Nxg3 60. Kxg3 Rf1 61. Ra8 
Rg1+ 62. Kh2 Rg4 63. Kh3 Rg1 64. Rh8 Rh1+ 65. Kg4 Rg1+ 66. Kf4 Rf1+ 67. 
Ke5 Rf7 68. Ke6 Rf1 69. Ke7 Rf7+ 70. Ke8 Rf5 71. Rf8 Re5+ 72. Kd7 Re4 73. 
Rh8 Re3 74. Re8 Rd3+ 75. Ke7 Rh3 76. Rh8 1/2-1/2

[Event "Continuous Server Series, S40049"]
[Site "CCLA"]
[Date "2014.02.07"]
[Round "?"]
[White "Strelecky, Rich"]
[Black "Kline, John T."]
[Result "0-1"]
[WhiteElo "1584"]
[BlackElo "1569"]

1. Nc3 d5 2. d4 Nc6 3. Bf4 g6 4. Nb5 e5 5. Bxe5 Nxe5 6. dxe5 a6 7. Nc3 d4 
8. Ne4 Qd5 9. Nf6+ Nxf6 10. exf6 Qa5+ 11. Qd2 Bb4 12. Nf3 Bxd2+ 13. Nxd2 
Bf5 14. a3 Bxc2 15. b4 Qe5 16. Nf3 Qxf6 17. Ra2 d3 18. Nd2 Qc3 19. exd3 
Bb3 20. g3 Bxa2 21. Bg2 O-O-O 22. Be4 Rhe8 23. O-O Qxd2 24. f4 Rxe4 25. 
dxe4 Qe3+ 26. Kg2 Rd2+ 27. Kh3 Qe2 28. Rf2 Qxf2 29. Kg4 Qxh2 30. Kg5 Rd6 
31. f5 f6+ 32. Kg4 Qh5+ 0-1

[Event "Herbert W. Gustafson Memorial, S47199"]
[Site "CCLA"]
[Date "2014.10.27"]
[Round "?"]
[White "Benson, Katie J."]
[Black "Martindale, Roger"]
[Result "0-1"]
[WhiteElo "1143"]
[BlackElo "1251"]

1. d4 d5 2. Nc3 e6 3. Nf3 h6 4. e4 dxe4 5. Nxe4 a6 6. Bd3 Be7 7. O-O b6 8.
 Bf4 Nf6 9. Nxf6+ Bxf6 10. Be5 Nd7 11. Bxf6 Nxf6 12. Re1 O-O 13. Be4 Nxe4 
14. Rxe4 Bb7 15. Re3 c6 16. c3 Qc7 17. b4 Rfe8 18. a4 Rad8 19. Rd3 c5 20. 
Re3 f5 21. Rd3 Be4 22. Re3 c4 23. Ne5 Qe7 24. f3 Qg5 25. Qe2 Bd3 26. Nxd3 
cxd3 27. Qxd3 f4 28. Re5 Qxe5 29. Qe4 Qxe4 30. fxe4 Rf8 31. Rf1 Rc8 32. 
Rf3 g5 33. Kf1 g4 34. Rd3 Rc7 35. Ke1 f3 36. g3 f2+ 37. Kf1 Rf3 38. Rxf3 
gxf3 39. Kxf2 Rxc3 0-1

[Event "Premier Quad, S40389"]
[Site "CCLA"]
[Date "2014.11.24"]
[Round "?"]
[White "Sereni, Vincent T."]
[Black "Pronovost, David"]
[Result "1-0"]
[WhiteElo "2118"]
[BlackElo "1799"]

1. d4 Nf6 2. Nc3 d5 3. Bf4 e6 4. e3 a6 5. Nf3 c5 6. Be2 Nc6 7. O-O Bd6 8. 
dxc5 Bxc5 9. Rc1 O-O 10. Na4 Ba7 11. c4 dxc4 12. Rxc4 Nd5 13. Bg3 Bd7 14. 
Nc5 Bxc5 15. Rxc5 Qb6 16. Rc2 Rfd8 17. a3 Rac8 18. Nd2 Nce7 19. Rxc8 Nxc8 
20. Nc4 Qa7 21. e4 Nf6 22. Bh4 b5 23. Ne5 Qc7 24. Bxf6 gxf6 25. Ng4 Be8 
26. Nxf6+ Kf8 27. Qc1 Qxc1 28. Rxc1 Nb6 29. Rc2 Rd4 30. f3 Ke7 31. Nxe8 
Kxe8 32. Rc6 Nc4 33. Rxa6 Rd2 34. Bxc4 bxc4 35. Rb6 Kd8 36. Rb4 Kd7 37. 
Rxc4 Rxb2 38. Rb4 Ra2 39. Rb7+ Ke8 40. Ra7 Kf8 41. h4 h5 42. a4 Kg7 43. a5
Kg6 44. a6 Kf6 45. g4 Ra5 46. gxh5 Rxh5 47. Rb7 Ra5 48. a7 Kg6 49. e5 f5 
50. Kg2 Ra4 51. Kg3 Kh5 52. Rh7+ Kg6 53. Re7 Kh5 54. Rxe6 f4+ 55. Kh3 Rxa7
56. Rf6 Rg7 57. Rf5+ 1-0

[Event "Herbert W. Gustafson Memorial, S47199"]
[Site "CCLA"]
[Date "2014.10.27"]
[Round "?"]
[White "Lyons, Gage W."]
[Black "Benson, Katie J."]
[Result "1-0"]
[WhiteElo "1201"]
[BlackElo "1143"]

1. d4 d5 2. Nc3 Nf6 3. Bf4 Bf5 4. e3 e6 5. Bd3 Bxd3 6. Qxd3 Nc6 7. Nf3 Bd6
8. Bg5 h6 9. Bxf6 Qxf6 10. a3 g5 11. h3 O-O-O 12. O-O h5 13. e4 g4 14. e5 
Qg7 15. Nd2 Be7 16. Nb3 Qh7 17. Rad1 gxh3 18. gxh3 Rdg8+ 19. Kh2 f5 20. 
Ne2 Kb8 21. c4 dxc4 22. Qxc4 Qg6 23. Rg1 Qh6 24. f4 Rxg1 25. Rxg1 Nd8 26. 
Nc5 Bxc5 27. Qxc5 Qf8 28. Qxf8 Rxf8 29. Kg3 Kc8 30. Kh4 Nc6 31. Rg5 Rh8 
32. Rxh5 Rxh5+ 33. Kxh5 Kd7 34. Kh6 Nd8 35. Kg7 Ke7 36. h4 Nf7 37. h5 b6 
38. h6 c5 39. dxc5 bxc5 40. h7 a5 41. h8=Q 1-0

[Event "Herbert W. Gustafson Memorial, S47199"]
[Site "CCLA"]
[Date "2014.10.27"]
[Round "?"]
[White "Lyons, Gage W."]
[Black "Martindale, Roger"]
[Result "1/2-1/2"]
[WhiteElo "1201"]
[BlackElo "1251"]

1. d4 d5 2. Nc3 Nf6 3. Bf4 e6 4. a3 Bd6 5. e3 Bxf4 6. exf4 a6 7. Nf3 Nc6 
8. Ne5 b5 9. b4 Bb7 10. Nxc6 Bxc6 11. f3 O-O 12. Bd3 Bd7 13. O-O c6 14. 
Qe2 Qb6 15. Qe5 Qb8 16. Qxb8 Raxb8 17. Ne2 h5 18. h4 Ra8 19. c3 Rfe8 20. 
Nc1 a5 21. Nb3 a4 22. Nc5 Ra7 23. Be2 Bc8 24. Kh2 Nd7 1/2-1/2

[Event "Herbert W. Gustafson Memorial, S47149"]
[Site "CCLA"]
[Date "2014.10.27"]
[Round "?"]
[White "Klapczynski, Lukasz"]
[Black "Perry, William E."]
[Result "0-1"]
[WhiteElo "1363"]
[BlackElo "1440"]

1. d4 d5 2. Nf3 Nf6 3. Nc3 Bf5 4. Nh4 Bg6 5. e3 e6 6. Bd3 Bxd3 7. Qxd3 c5 
8. O-O cxd4 9. Qxd4 Nc6 10. Qa4 a6 11. Qf4 Bd6 12. Qf3 Ne4 13. Nxe4 Bxh2+ 
14. Kxh2 Qxh4+ 15. Kg1 Qxe4 16. Qxe4 dxe4 17. b3 O-O 18. a4 Rfd8 19. c3 
Ne5 20. Ba3 Rd2 21. c4 Rad8 22. Bb4 R2d3 23. Be7 R8d7 24. Bc5 Rxb3 25. a5 
Nc6 26. f4 exf3 27. Rxf3 f6 28. Ra3 Rdd3 29. Rxb3 Rxb3 30. Rf1 Nxa5 31. 
Ra1 Nxc4 32. Rd1 Nxe3 33. Rd8+ Kf7 34. Kf2 Nd5 35. Ke2 Nf4+ 36. Kf2 Nd3+ 
37. Ke3 Nxc5+ 38. Kd4 Rd3+ 39. Kxc5 Rxd8 40. Kb6 e5 41. Kxb7 e4 42. Kxa6 
Rb8 43. Ka7 Rb2 0-1

[Event "Herbert W Gustafson Memorial, S47129"]
[Site "CCLA"]
[Date "2014.10.27"]
[Round "?"]
[White "Shaffer, Aaron"]
[Black "Strelecky, Rich"]
[Result "0-1"]
[WhiteElo "1383"]
[BlackElo "1584"]

1. d4 Nf6 2. Nc3 d5 3. Nf3 e6 4. Bg5 Nbd7 5. e3 Be7 6. Bd3 O-O 7. O-O Re8 
8. Bxf6 Bxf6 9. Re1 c5 10. dxc5 a6 11. Qd2 Nxc5 12. b3 b5 13. a4 b4 14. 
Rab1 Bxc3 15. Qd1 Bxe1 16. Qxe1 a5 17. Bb5 Bd7 18. Bxd7 Nxd7 19. Qd1 Nc5 
20. Qd4 Qc7 21. Rc1 Nxb3 0-1

[Event "3rd TCCL Friendly Server Tournament, 3rdTCCL"]
[Site "CCLA"]
[Date "2014.07.10"]
[Round "?"]
[White "Shaffer, Aaron"]
[Black "Dressler, River"]
[Result "1/2-1/2"]
[WhiteElo "1383"]
[BlackElo "1293"]

1. d4 d5 2. Nc3 Nf6 3. Nf3 Nc6 4. Bg5 h6 5. Bxf6 exf6 6. e4 Bg4 7. Be2 
Bxf3 8. Bxf3 Qd6 9. O-O dxe4 10. Bxe4 Qxd4 11. Qxd4 Nxd4 12. Bxb7 Rb8 13. 
Be4 Rxb2 14. Rfd1 Bc5 15. Rab1 Nxc2 16. Rxb2 Nd4 17. Rbd2 O-O 18. Rxd4 
Bxd4 19. Rxd4 c5 20. Rd7 g6 21. Rxa7 f5 22. Ra8 fxe4 23. Rxf8+ Kxf8 24. 
Nxe4 c4 25. a4 Ke8 26. Kf1 Kd7 27. Ke2 Kc6 28. Kd2 Kb6 29. Nc3 Ka5 30. Ke3
Kb4 31. Kd4 f5 32. f4 g5 33. fxg5 hxg5 34. h3 f4 35. a5 Kxa5 36. Kxc4 Kb6 
37. Ne4 Kc6 38. Nxg5 Kd6 39. Kd4 Ke7 40. Ke4 Kf6 41. Kxf4 Kg6 42. g4 Kh6 
43. h4 Kg6 44. h5+ Kh6 45. Ne4 Kg7 46. Kf5 Kh6 47. Ng3 1/2-1/2

[Event "Herbert W. Gustafson Memorial, S47199"]
[Site "CCLA"]
[Date "2014.10.27"]
[Round "?"]
[White "Benson, Katie J."]
[Black "Cain, Larry F."]
[Result "1/2-1/2"]
[WhiteElo "1143"]
[BlackElo "1349"]

1. d4 d5 2. Nc3 Nf6 3. Nf3 Nbd7 4. e3 e6 5. Bb5 c6 6. Ba4 b5 7. Bb3 Bb4 8.
 Bd2 a5 9. a3 Bd6 10. O-O Ba6 11. h3 h6 12. Re1 O-O 13. e4 dxe4 14. Nxe4 
Nxe4 15. Rxe4 Nf6 16. Re1 Re8 17. Ne5 Bb7 18. Bf4 Qe7 19. Qe2 Bxe5 20. 
Bxe5 Ba6 21. c3 a4 22. Bc2 Bb7 23. Rac1 Rac8 24. c4 Ba6 25. Bd3 Qd8 26. 
cxb5 cxb5 27. Rxc8 Qxc8 28. Qd2 Kh8 29. Bxf6 gxf6 30. Qxh6+ Kg8 31. Bh7+ 
Kh8 32. Be4+ Kg8 33. Bh7+ 1/2-1/2

[Event "Herbert W. Gustafson Memorial, S47199"]
[Site "CCLA"]
[Date "2014.10.27"]
[Round "?"]
[White "Lyons, Gage W."]
[Black "Cain, Larry F."]
[Result "0-1"]
[WhiteElo "1201"]
[BlackElo "1349"]

1. d4 d5 2. Nc3 Nf6 3. Nf3 Nbd7 4. e3 e6 5. Bb5 c6 6. Ba4 b5 7. Bb3 a5 8. 
a3 a4 9. Ba2 Be7 10. O-O O-O 11. Ne5 Bb7 12. Nxd7 Qxd7 13. b4 axb3 14. 
Bxb3 c5 15. dxc5 Bxc5 16. Bb2 Rfd8 17. Nxb5 Qxb5 18. Bc3 Be7 19. a4 Qc6 
20. Bb2 d4 21. exd4 Qxg2# 0-1

[Event "Herbert W. Gustafson Memorial, S47209"]
[Site "CCLA"]
[Date "2014.10.27"]
[Round "?"]
[White "Lyons, Brenda M."]
[Black "Cantrell, Dennis"]
[Result "1-0"]
[WhiteElo "1188"]
[BlackElo "1211"]

1. d4 d5 2. Nc3 Nf6 3. Nf3 Nc6 4. Bf4 Bf5 5. a3 e6 6. e3 a6 7. Bd3 Bd6 8. 
Bxf5 Bxf4 9. Bxe6 fxe6 10. exf4 Qd6 11. Qe2 O-O-O 12. g3 Nxd4 13. Nxd4 
Rhe8 14. O-O-O g6 15. Rhe1 Ne4 16. Nxe4 e5 17. Nxd6+ cxd6 18. fxe5 dxe5 
19. Qxe5 Rxe5 20. Rxe5 Kb8 21. Rde1 Ka7 22. Re7 Rc8 23. Rxh7 Rd8 24. Ree7 
Rb8 25. Rxb7+ Rxb7 26. Rxb7+ Kxb7 27. Ne6 Kc6 28. Nf8 g5 29. Nh7 a5 30. 
Nxg5 Kc5 31. h4 Kc4 32. h5 Kd4 33. h6 Ke5 34. h7 Kf5 35. f4 Kg4 36. h8=Q 
Kxg3 37. Qd4 Kg4 38. Qe5 d4 39. Qxd4 a4 40. c4 Kh5 41. c5 Kg4 42. c6 Kh5 
43. Qd1+ Kh4 44. c7 Kg3 45. c8=Q Kxf4 46. Qe1 Kxg5 47. Qf8 Kh5 48. Qg1 Kh4
49. Qh8# 1-0

[Event "Herbert W. Gustafson Memorial Open, S47119"]
[Site "CCLA"]
[Date "2014.10.27"]
[Round "?"]
[White "Lines, Daniel"]
[Black "Smiley, William R."]
[Result "1/2-1/2"]
[WhiteElo "1589"]
[BlackElo "1530"]

1. d4 d5 2. Nc3 Nf6 3. Nf3 g6 4. Bf4 Bg7 5. e3 O-O 6. Bd3 Bg4 7. h3 Bxf3 
8. Qxf3 c6 9. O-O-O Nbd7 10. a3 a5 11. e4 dxe4 12. Nxe4 Nd5 13. Bc4 Nxf4 
14. Qxf4 Nf6 15. Nxf6+ Bxf6 16. c3 e6 17. Kb1 Be7 1/2-1/2

[Event "Herbert W. Gustafson Memorial, S47209"]
[Site "CCLA"]
[Date "2014.10.27"]
[Round "?"]
[White "Lyons, Brenda M."]
[Black "Sullivan, Terry"]
[Result "1-0"]
[WhiteElo "1188"]
[BlackElo "1089"]

1. d4 Nf6 2. Nf3 g6 3. Nc3 d5 4. Bf4 a6 5. e3 Bg7 6. Bd3 Nc6 7. O-O O-O 8.
 h3 e6 9. Ne5 Ne4 10. Nxe4 dxe4 11. Bxe4 f5 12. Bxc6 Qd6 13. Bf3 Bf6 14. 
Nxg6 Qb4 15. Nxf8 e5 16. dxe5 Kxf8 17. exf6 Qc4 18. Bh6+ Kf7 19. Qd5+ Qxd5
20. Bxd5+ Ke8 21. f7+ Ke7 22. f8=Q+ Kd7 23. Qf7+ Kd6 24. Bb3 Bd7 25. Rad1+
Kc6 26. Qxd7+ Kb6 27. e4 f4 28. Bxf4 h5 29. Qxc7+ Kb5 30. Qxb7+ Kc5 31. 
Rd5# 1-0

[Event "Summer Server Series, S40051"]
[Site "CCLA"]
[Date "2014.07.28"]
[Round "?"]
[White "Holmes, Ross A."]
[Black "Shannon, Paul D."]
[Result "1-0"]
[WhiteElo "2114"]
[BlackElo "1832"]

1. d4 Nf6 2. Nf3 g6 3. Bf4 Bg7 4. Nc3 d5 5. e3 O-O 6. Be2 c5 7. Ne5 Nc6 8.
 O-O cxd4 9. exd4 Qb6 10. Nxc6 Qxc6 11. Bb5 Qb6 12. a4 a6 13. a5 Qd8 14. 
Bd3 Bd7 15. Be5 Bc6 16. Re1 e6 17. h3 Bh6 18. Na2 Nd7 19. Bd6 Re8 20. Nb4 
Rc8 21. c3 Nf6 22. Be5 Nd7 23. Bg3 Bf8 24. Qb3 Ra8 25. Nxc6 bxc6 26. Qa4 
c5 27. b3 cxd4 28. cxd4 f6 29. Qc6 Kf7 30. Bxa6 Bb4 31. Rec1 Bxa5 32. Bb5 
Ra7 33. b4 1-0